| 000 | 00557nam a2200193Ia 4500 | ||
|---|---|---|---|
| 005 | 20250508150446.0 | ||
| 008 | 008 250505s9999 xx 000 0 eng d | ||
| 037 | _aTextual | ||
| 040 |
_aFEDL _beng _cFEDL |
||
| 041 |
_aeng _2eng |
||
| 084 |
_a301, ZIM _qFEDL |
||
| 100 | _aZimmerman Carle C. | ||
| 245 | 0 | _aFamily and society : A study of the sociology of reconstruction | |
| 260 |
_aNew York, USA _bD. Van Nostrand Company _c1935 |
||
| 300 | _axv,611p. | ||
| 650 | _aSociology | ||
| 942 |
_cTEXL _h301, ZIM |
||
| 999 |
_c1323757 _d1323757 |
||